Score 0/24 Timer 06:00
0 Plays Today
Clue Answer % Correct
Pivotal line from Darth Vader in
'The Empire Strikes Back'
'No, I am your father.'
85.6%
1950's novel that inspired 'The Omega Man' (and also a Will Smith movie)I Am Legend
81.5%
Film in which Sean Penn plays a man with a developmental disabilityI Am Sam
68.2%
Ich bin ein Berliner means...I am a Berliner
64.7%
Oft-repeated line from Guardians of the GalaxyI Am Groot
62.5%
Muhammad Ali's immodest declarationI am the greatest!
55.7%
Psychedelic Beatles song referencing a Lewis Carroll characterI Am the Walrus
55.7%
He's got a feeling that tonight's gonna be a good nightwill.i.am
54.7%
Anagram of 'Tom Marvolo Riddle' I Am Lord Voldemort
54.2%
Cogito ergo sum, in EnglishI think, therefore I am
50.3%
First line of a classic Black Sabbath songI am Iron Man
40.9%
Helen Reddy's enduring anthem of 1972I Am Woman
36.5%
Clue Answer % Correct
Famous line from a 1960 Stanley Kubrick film starring Kirk DouglasI am Spartacus!
35.7%
Either of Leonard Nimoy's autobiographiesI Am Spock / I Am Not Spock
35.6%
Stephen Colbert's satirical bestsellerI Am America (And So Can You!)
35.4%
Simon and Garfunkel have no need for friendship in this hit singleI Am a Rock
35.2%
Beyoncé album with the hit
'Single Ladies (Put a Ring On It)'
I Am... Sasha Fierce
34.1%
'By your powers combined...'I am Captain Planet!
29.1%
God's response when Moses asked his name'I Am that I Am'
25.7%
Oft-repeated line by Judge DreddI am the law!
24.7%
Repetitious British song revived by Herman's Hermits in 1965I'm Henery the Eighth, I Am
22.6%
Popular nationalistic advertising slogan for Molson beerI Am Canadian
20.2%
Second single from 'The Marshall Mathers LP'The Way I Am
14.7%
Any of the 'I am' statements of Jesus in the New TestamentI am the Good Shepherd...
12.4%

You're not logged in!

Compare scores with friends on all Sporcle quizzes.
OR
Log In

Sporcle TV

Today on Sporcle TV


Watch our educational content, quiz creation guides, and fun videos on Sporcle TV.

Show Comments

Extras

Top Quizzes Today


Score Distribution

Paid Content

Your Account Isn't Verified!

In order to create a playlist on Sporcle, you need to verify the email address you used during registration. Go to your Sporcle Settings to finish the process.

Report this User

Report this user for behavior that violates our Community Guidelines.

Details: